00738nam a22002297a 45000050016000000100028000160200023000440200026000670350013000930350013001060370015001190370027001340820011001611000022001722450097001942600041002912700047003323000027003795000041004066500043004477000018004902009050101071.0 aENG-93367 B-430634 a8189886940c960.00 a9788189886943c960.00 aEN-76900 aB-430634 bDBAD / PUB bResearchco Book Centre a300.72 aRavichandran, K.  aIntroduction to research methods in social sciences /cby K. Ravichandran [and] S. Nakkiran  aDelhi bAbhijeet Publications c2009 a2/46 Tukhmeerpur ExtensionbDelhi e110094 axxi, 282p.c23cm (Hb)  aIncludes bibliographical references  aSocial sciencesxResearchxMethodology aNakkiran, S.